Départements ayant le plus de communes - Statistiques

Statistiques générales
  • Ce quiz a été pris 459 fois
  • Le résultat moyen est 13 sur 23
Réponses sur la Carte
Les réponses sont colorées sur une échelle allant du rouge au vert en fonction du pourcentage des utilisateurs qui les ont devinées à leur premier essai. Vous pouvez retrouver ces pourcentages ci-dessous.
 
Statistiques - réponses
Nombre Département % Correct
647 Nord
93%
887 Pas-de-Calais
87%
534 Gironde
77%
514 Bas-Rhin
73%
680 Oise
73%
797 Aisne
72%
771 Somme
71%
610 Marne
66%
707 Seine-Maritime
65%
507 Seine-et-Marne
63%
585 Eure
61%
526 Calvados
60%
725 Moselle
60%
698 Côte d'Or
56%
591 Meurthe-et-Moselle
53%
512 Isère
46%
506 Vosges
42%
563 Saône-et-Loire
39%
563 Doubs
36%
586 Haute-Garonne
32%
503 Dordogne
31%
536 Haute-Saône
24%
545 Pyrénées-Atlantiques
23%
Aucun quiz correspondant
Distribution des résultats
% des personnes avec chaque résultat
Percentile par nombre de réponses
Votre historique - résultats
Vous n’avez pas pris ce quiz